| 000 | 00908nam a2200265 4500 | ||
|---|---|---|---|
| 003 | OSt | ||
| 005 | 20260601193851.0 | ||
| 008 | 260421b1982 mx a|||| |||| 00| 0 spa d | ||
| 020 | _a9686661263 | ||
| 040 |
_aICI _bspa _cICI |
||
| 050 |
_aTT28 _bM37 1982 |
||
| 100 | 1 |
_aMartínez Peñaloza, Porfirio, _91788 |
|
| 245 | 1 |
_aPermanencia, cambio y extincion de la artesania en Mexico / _cPorfirio Martinez Peñaloza. Los instrumentos musicales en Mexico / Jas Reuter |
|
| 246 | 3 | _aLos instrumentos musicales en Mexic | |
| 250 | _a2 | ||
| 264 |
_bFondo Nacional para el Fomento de las Artesanias : _b SEP, _c1982 _aMéxico : |
||
| 300 | _a99 páginas | ||
| 336 |
_atexto _2rdacontent |
||
| 337 |
_asin medio _2rdamedia |
||
| 338 |
_avolumen _2rdacarrier |
||
| 650 |
_aArtesanías _zMéxico _93976 |
||
| 700 | 1 | _aReuter, Jas | |
| 710 | 1 |
_aMéxico. _bSecretaría de Educación Pública _917275 |
|
| 942 |
_2lcc _cB |
||
| 999 |
_c21865 _d21865 |
||